Futures ? Investice i pro začátečníky !
Finančné trhy dnes poskytujú veľké množstvo investičných príležitostí. Dnes sa aj drobným investorom otvárajú možnosti, ktoré ešte pred pár rokmi mali len veľkí hráči. V posledných rokoch prudko rastie obľuba derivátov, futurít a opcií. Futurity kontrakt.
Guardado en:
| Autor principal: | |
|---|---|
| Formato: | Capítulo de libro |
| Lenguaje: | checo |
| Materias: | |
| Etiquetas: |
Sin Etiquetas, Sea el primero en etiquetar este registro!
|
MARC
| LEADER | 00000naa$a2200000$$$4500 | ||
|---|---|---|---|
| 001 | 0093977 | ||
| 005 | 20230804111552.8 | ||
| 041 | 0 | |a cze | |
| 044 | |a CZ | ||
| 245 | 1 | 0 | |a Futures ? Investice i pro začátečníky ! |c Boris Tomčiak |
| 520 | |a Finančné trhy dnes poskytujú veľké množstvo investičných príležitostí. Dnes sa aj drobným investorom otvárajú možnosti, ktoré ešte pred pár rokmi mali len veľkí hráči. V posledných rokoch prudko rastie obľuba derivátov, futurít a opcií. Futurity kontrakt. | ||
| 610 | 2 | 0 | |a futurity |
| 610 | 2 | 0 | |a opcie |
| 610 | 2 | 0 | |a trh burzový |
| 610 | 2 | 0 | |a nástroje investičné |
| 100 | 1 | |a Tomčiak, Boris | |